1064 1225 1673 1067 1104 1710 1595 1667 1667 1195 1790 1093 1738 1171 1785 1202 1201 1055 1573 1477 1116 1962 1075 1074 1370 1244 1384 1751 1682 1949 1790 1316 1580 1866 1494 1830 1530 1321 1420 1346 1667 1950 1929 1173 1624 1077 1273 1404 1765 1005 1612 1870 1627 1746 1588 1836 1683 1305 1487 1222 1600 1524 1693 1727 1197 1717 1568 1950 1779 1241 1788 1620 1863 1082 1403 1460 1604 1877 1912 1755 1336 1917 1058 1098 1562 1203 1417 1821 1749 1630 1207 1154 1074 1107 1634 1095 1333 1874 1879 BCNSPRNW ULIB Ver.6.0+V

เปลี่ยนเป็นภาษาไทย

Change to English
 แสดงรายละเอียดบรรณานุกรม
  กลับหน้าหลัก

Brief Record : Get Marc (ISO 2709) : E-mail record : QR code < ปิดหน้าต่าง
LEADER : 00000nam 2200000uu 4500
001    13399125176
003     ULIB
008    161028s2558||||th 000 0 tha d
020    ^a9786163825063
050 04 ^awa294.3^bพ711พ
100 0  ^aพระครูโสภณปริยัติสุธี (ศรีบรรดร ถิรธมฺโม).
245 10 ^aพุทธธรรมกับการบริหาร /^cโดย พระครูโสภณปริยัติสุธี (ศรีบรรดร ถิรธมฺโม).
250    ^aพิมพ์ครั้งที่ 2.
260    ^aพะเยา :^bโรงพิมพ์เจริญอักษร,^c2558.
300    ^a397 หน้า :^bภาพประกอบ ;^c21 ซม.
650  7 ^aพุทธศาสนา.
650  7 ^aธรรมะ.
650  7 ^aการบริหาร.
945    ^p0^l0^i001447
999    ^aวรรณษา ชูชัยมงคล
รายการนี้ยังไม่มีแท็ก
คุณยังไม่ได้ล็อกอิน คุณสามารถมีกิจกรรมร่วมกับเว็บไซต์ได้ แต่ต้องล็อกอินก่อน ::
  ล็อกอิน

รายการสื่อสารสนเทศ

ลำดับที่ ประเภท เลขเรียก/บาร์โค้ด สถานที่ สถานะ
1. การศึกษาทั่วไป
การศึกษาทั่วไป
สถานะ=หนังสือเก่า
wa294.3 พ711พ ฉ.1 
  Barcode: 001447
ห้องสมุดวิทยาเขตสวรรค์ประชารักษ์
►ส่วนจัดเก็บหนังสือเก่า สปร
บนชั้น
  ขอยืม

รายการใกล้เคียง
    หัวเรื่อง [พุทธศาสนา.]
    หัวเรื่อง [ธรรมะ.]
    หัวเรื่อง [การบริหาร.]

BibComment


ยังไม่เคยถูกคอมเมนท์

คอมเมนท์ทรัพยากรรายการนี้
  คอมเมนท์: พุทธธรรมกับการบร..


 Copyright 2026. Bcnsprnw @Library